Namor: Sub-Mariner Characters By Picture Quiz Stats

Quiz not verified by Sporcle

Challenge
Share
Tweet
Score 0/23 Timer 10:00
0 Plays Today
% Correct
Namor: The Sub-Mariner
100%
Invisible Woman (Sue Storm)
86%
Captain America (Steve Rogers)
80.9%
The Human Torch (Jim Hammond)
79.2%
Tiger Shark
67.6%
Namorita
64.2%
Namora
59.3%
Attuma
58.4%
Stingray (Dr. Walter Newell)
57.1%
Warlord Krang
33.4%
Lady Dorma
31.7%
Orka
28.1%
% Correct
U-Man
21.5%
Captain Leonard McKenzie (Namor's Father)
20%
Andromeda
18.9%
Llyra
15.7%
The Fin (Peter Noble)
13.8%
Princess Fen (Namor's Mother)
10.5%
Piranha
10.4%
Tyrak
9.7%
Naga
9.2%
Lemuel Dorcas
8.7%
Karthon the Quester
5.1%

You're not logged in!

Compare scores with friends on all Sporcle quizzes.
Sign Up with Email
OR
Log In

You Might Also Like...

Show Comments

Extras

Top Quizzes Today


Score Distribution

Your Account Isn't Verified!

In order to create a playlist on Sporcle, you need to verify the email address you used during registration. Go to your Sporcle Settings to finish the process.